000 00978nac a22003017a 4500
001 BR8207239
003 BR-BrBNA
005 20240105115602.0
008 230509b bl.|||m| |||| 00| 0 por d
040 _aBR-BrBNA
_bpor
_cBiblioteca Nacional de Agricultura
072 _aQ02; E16; E70
090 _a9930 BR8207239
100 1 _aScatolini, M.M.
110 1 _aCompanhia Brasileira de Armazenamento, Brasilia, DF (Brasil). Depto. de Operacoes de Unidades Frigorificas
_92309
245 1 _aA evolucao da industria de sucos citricos
260 3 _aBrasilia, DF (Brasil):
_c1982.
300 _a23 p.
490 _aInformativo Tecnico DEFRI - Companhia Brasileira de Armazenamento (Brazil)
_vno. 16
_x
650 _aFRUTA CITRICA
650 _aSUCO
650 _aINDUSTRIA ALIMENTICIA
650 _aCUSTO DE PRODUCAO
650 _aEXPORTACAO
650 _aESTOCAGEM
650 _aCONSUMO
909 _a202312
_bLúcia Elande
_c55
_dLúcia Elande
942 _2AGRIS
_n0
_cMS
999 _c275441
_d275441